000 00491 a2200193 4500
005 20260401115117.0
008 260325b |||||||| |||| 00| 0 eng d
020 _a9789350026021
_cRs. 395.00
040 _aMAIN
082 _a297.30954
_bA51R
100 _aAhmad, Imtiaz, ed.
245 _aRitual and religion among muslims in India
260 _bAakar Books
_aDelhi
_c2019
300 _axv, 246
650 _aReligion
650 _aIslam
650 _aIslamic Worship
942 _cBK
999 _c394688
_d394688